Dimensions in Library and information science / (Record no. 5424)
[ view plain ]
| 000 -LEADER | |
|---|---|
| fixed length control field | 00491cam a2200193ua 4500 |
| 041 ## - LANGUAGE CODE | |
| Language code of text/sound track or separate title | eng |
| 082 ## - DEWEY DECIMAL CLASSIFICATION NUMBER | |
| Classification number | 020 |
| Item number | BHA/DI |
| 100 ## - MAIN ENTRY--AUTHOR NAME | |
| Personal name | Bhargava, G D . |
| 245 ## - TITLE STATEMENT | |
| Title | Dimensions in Library and information science / |
| 250 ## - EDITION STATEMENT | |
| Edition statement | 1 / |
| 260 ## - PUBLICATION, DISTRIBUTION, ETC. (IMPRINT) | |
| Place of publication | Indore : |
| Name of publisher | Anamika publications , |
| Year of publication | 1986. |
| 300 ## - PHYSICAL DESCRIPTION | |
| Number of Pages | 191 ; . |
| 700 1# - ADDED ENTRY--PERSONAL NAME | |
| Personal name | Tejomurty, . |
| 942 ## - ADDED ENTRY ELEMENTS (KOHA) | |
| Koha item type | Books |
| Withdrawn status | Lost status | Damaged status | Home library | Current library | Date acquired | Full call number | Accession Number | Koha item type |
|---|---|---|---|---|---|---|---|---|
| KAUAET | 09/03/1987 | 020 | 16026 | Books |
